000 00638nam a2200241 a 4500
001 nice12345678
003 IN_TiNIC
005 20260116012110.0
008 050524s1955 hyda grp 000 0 eng
020 _a
_c100
082 0 0 _a954.84
_bCRO
100 _aCentral Records Office,
245 _aNews Letters, 1767-1799
_b Nawab Mir Nizam Ali Khan`s Reign.
260 _aHyderabad
_bCentral Record Office
_c1955
300 _a53p
500 _aincludes index and biblioraphy
505 2 _awith persian
650 _aHyderabad-History
700 1 _aCentral Records Office,
902 _bSRS
942 _cBK
999 _c5632
_d5632